Die einwohnerreichsten Städte Brandenburgs - Statistiken

Allgemein
  • Dieses Quiz wurde 147 mal gespielt
  • Das Durchschnittsergebnis liegt bei 10 aus 15
Antwortstatistiken
Einwohner Stadt % Korrekt
171.810 Potsdam
100%
71.664 Brandenburg (Havel)
96%
100.416 Cottbus
96%
58.193 Frankfurt (Oder)
90%
44.079 Oranienburg
70%
40.019 Eberswalde
66%
36.468 Königs Wusterhausen
62%
37.725 Bernau bei Berlin
54%
31.037 Neuruppin
54%
30.182 Schwedt/Oder
54%
43.105 Falkensee
52%
32.025 Fürstenwald/Spree
51%
26.325 Eisenhüttenstadt
46%
26.387 Strausberg
37%
26.139 Hennigsdorf
30%
Keine übereinstimmenden Quizze gefunden
Verteilung der Resultate
Anzahl Personen mit jedem Resultat
Perzentil nach korrekt beantworteten Fragen
Ihre Resultats-Entwicklung
Sie haben dieses Quiz noch nicht gespielt